000 00525nam a2200181Ia 4500
999 _c3187
_d3187
003 OSt
005 20200812130936.0
008 190216s9999||||xx |||||||||||||| ||und||
020 _a8121914620
040 _coclc
082 _a547
_bHAR/O
100 _aHart, Harold
_94071
245 0 _aOrganic Chemistry /
_cHarold Hart ; David J Hart ; Leslie E Craine
260 _bS. Chand & Co,
_c1997.
_aNew Delhi:
300 _a572p
650 _aChemistry-Chemistry
942 _cBK
_2ddc
_h547
_iHAR/O
_k547
_mHAR/O